000 00954nam a22003137a 4500
003 CHAP
005 20220329134253.0
008 971013c19731965 r 00010 d
010 _a17902
011 _a18874
035 _a22959
040 _cCHAP
082 _a861
_bJ8
100 0 0 _aJuana Inés de la Cruz, Sor.
_962254
245 _aPoesía, teatro y prosa
260 _aMéxico, D.F., :
_bPorrúa,
_c1973(c.1965)
300 _a306 p
490 _aColección de escritores mexicanos
_v; 1
590 _aBATCH-UPD
_b10
_c20130110
_lUCH01
_h1403
590 _aBATCH-UPD
_b10
_c20130410
_lUCH01
_h0853
590 _aBATCH-UPD
_b10
_c20130914
_lUCH01
_h1003
590 _aCONVERSION
_b10
_c20130109
_lUCH01
_h1311
650 1 4 _aPoesía mexicana.
_990146
650 1 4 _aPoetas.
_990153
830 0 _aColección de escritores mexicanos
_v; 1
_924792
901 _aBK
942 _cLIBRO
949 _a861 J8
_bBC
_cLIBRO
_d-53564
_eLIBRO
_h31043
_i22959
_si
_t40.00
999 _c17902
_d17902